Every Region in The Long Dark - Statistics

General Stats
  • This quiz has been taken 7 times
  • The average score is 12 of 17
Answer Stats
Region % Correct
Ash Canyon
100%
Coastal Highway
100%
Mountain Town
100%
Mystery Lake
100%
Pleasant Valley
100%
Blackrock
83%
Bleak Inlet
83%
Broken Railroad
83%
Forlorn Muskeg
83%
Timberwolf Mountain
83%
Desolation Point
67%
Hushed River Valley
67%
Forsaken Airfield
50%
Zone Of Contamination
33%
Far Range Branch Line
17%
Transfer Pass
17%
Sundered Pass
0%
No matching quizzes found
Score Distribution
Percent of People with Each Score
Percentile by Number Answered
Your Score History
You have not taken this quiz